[Event "DSJ Weihnachtsturnier U20w 2020"]
[Site "https://play.chessbase.com/en/play?room=DSJWeihnachtU20w"]
[Date "2020.12.29"]
[Round "3"]
[White "Röll, Lea"]
[Black "Bangsa, Citra"]
[Result "1-0"]
[Termination "time forfeit"]
[Board "11.2"]
[WhiteElo "1079"]
[BlackElo "1398"]
[WhiteTeam "Schach-Club Vaterstetten-Grasbrunn"]
[BlackTeam "SK Kelheim 1920"]
[PlyCount "69"]
[WhiteFideId "16255437"]
[BlackFideId "34605274"]
[EventRounds "7"]
[EventType "team-swiss"]
[EventDate "2020.12.29"]

1. d4 {[%emt 0:00:08]} d5 {[%emt 0:00:08]} 2. c4 { [%emt 0:00:04]} dxc4 {[%emt
0:00:02]} 3. Nc3 {[%emt 0:00:05]} e6 {[%emt 0:00: 06]} 4. Bf4 {[%emt 0:00:13]}
Nf6 {[%emt 0:00:09]} 5. e3 {[%emt 0:00:07]} Bb4 { [%emt 0:00:13]} 6. Bxc4
{[%emt 0:00:05]} O-O {[%emt 0:00:03]} 7. Nf3 {[%emt 0: 00:15]} Ne4 {[%emt
0:00:04]} 8. Qc2 {[%emt 0:00:13]} Nxc3 {[%emt 0:00:12]} 9. bxc3 {[%emt
0:00:05]} Bd6 {[%emt 0:00:03]} 10. O-O {[%emt 0:00:06]} Bxf4 { [%emt 0:00:05]}
11. exf4 {[%emt 0:00:04]} b6 {[%emt 0:00:01]} 12. Qe4 {[%emt 0: 00:07]} c6
{[%emt 0:00:07]} 13. Bd3 {[%emt 0:00:08]} f5 {[%emt 0:00:31]} 14. Qe2 {[%emt
0:00:11]} Qd6 {[%emt 0:00:10]} 15. Rab1 {[%emt 0:00:33]} Qxf4 { [%emt 0:00:15]}
16. Rfe1 {[%emt 0:00:46]} b5 {[%emt 0:01:08]} 17. Ne5 {[%emt 0: 00:16]} a5
{[%emt 0:01:14]} 18. c4 {[%emt 0:00:19] Kelheim2-002 reconnected.} bxc4 {[%emt
0:00:51]} 19. Bxc4 {[%emt 0:00:11]} Qxd4 {[%emt 0:00:03]} 20. Red1 {[%emt
0:00:35]} Qc5 {[%emt 0:01:01]} 21. Rdc1 {[%emt 0:01:18]} Qd6 {[%emt 0: 01:08]}
22. Nf3 {[%emt 0:00:31]} Re8 {[%emt 0:00:49]} 23. Re1 {[%emt 0:00:26]} Na6
{[%emt 0:01:14]} 24. Rbd1 {[%emt 0:00:27]} Qe7 {[%emt 0:00:19]} 25. Nd4 { [%emt
0:00:25]} Nc7 {[%emt 0:00:10]} 26. Nxc6 {[%emt 0:00:07]} Qf6 {[%emt 0:00: 34]}
27. Nd4 {[%emt 0:00:17]} Kh8 {[%emt 0:00:02]} 28. Bb3 {[%emt 0:00:37]} Re7
{[%emt 0:00:06]} 29. Ba4 {[%emt 0:00:05]} e5 {[%emt 0:00:02]} 30. Nf3 {[%emt 0:
00:04]} e4 {[%emt 0:00:02]} 31. Nd4 {[%emt 0:00:04]} Ba6 {[%emt 0:00:02]} 32.
Qc2 {[%emt 0:00:19]} Nd5 {[%emt 0:00:03]} 33. Bc6 {[%emt 0:00:05]} Nb4 { [%emt
0:00:02]} 34. Qc5 {[%emt 0:00:07]} Rc8 {[%emt 0:00:04]} 35. Qb6 {[%emt 0:
00:10] TimeB} 1-0

[Event "DSJ Weihnachtsturnier U20w 2020"]
[Site "https://play.chessbase.com/en/play?room=DSJWeihnachtU20w"]
[Date "2020.12.29"]
[Round "3"]
[White "Neumeier, Valentina"]
[Black "Röll, Laura"]
[Result "1-0"]
[Termination "normal"]
[Board "11.3"]
[WhiteElo "986"]
[BlackElo "1038"]
[WhiteTeam "SK Kelheim 1920"]
[BlackTeam "Schach-Club Vaterstetten-Grasbrunn"]
[PlyCount "75"]
[WhiteFideId "34608222"]
[BlackFideId "16213394"]
[EventRounds "7"]
[EventType "team-swiss"]
[EventDate "2020.12.29"]

1. e4 {[%emt 0:00:03]} e6 {[%emt 0:00:06]} 2. Nc3 {[%emt 0:00:12]} Bb4 { [%emt
0:00:17]} 3. Nf3 {[%emt 0:00:10]} d5 {[%emt 0:00:04]} 4. exd5 {[%emt 0: 00:06]}
Bxc3 {[%emt 0:00:04]} 5. dxc3 {[%emt 0:00:05]} exd5 {[%emt 0:00:02]} 6. Bd3
{[%emt 0:00:24]} Nf6 {[%emt 0:00:09]} 7. Bg5 {[%emt 0:00:02]} O-O {[%emt 0:
00:04]} 8. O-O {[%emt 0:00:05]} Nc6 {[%emt 0:00:04]} 9. c4 {[%emt 0:00:13]} Qd6
{[%emt 0:00:26]} 10. Re1 {[%emt 0:00:33]} Bg4 {[%emt 0:00:09]} 11. h3 {[%emt 0:
00:36]} Bxf3 {[%emt 0:00:05]} 12. Qxf3 {[%emt 0:00:04]} Nd4 {[%emt 0:00:03]}
13. Qe3 {[%emt 0:00:13]} c5 {[%emt 0:00:13]} 14. c3 {[%emt 0:00:16]} Nc6 {
[%emt 0:00:13]} 15. b3 {[%emt 0:00:46]} d4 {[%emt 0:00:05]} 16. cxd4 {[%emt 0:
00:03]} Nxd4 {[%emt 0:00:02]} 17. Qd2 {[%emt 0:00:22]} h6 {[%emt 0:00:08]} 18.
Bh4 {[%emt 0:00:12]} Nh5 {[%emt 0:00:16]} 19. Be7 {[%emt 0:00:21]} Qc7 { [%emt
0:00:15]} 20. Bxf8 {[%emt 0:00:12]} Rxf8 {[%emt 0:00:02]} 21. Re3 { [%emt
0:00:23]} Qc6 {[%emt 0:00:19]} 22. Rae1 {[%emt 0:00:26]} Nf4 {[%emt 0:00: 03]}
23. Rg3 {[%emt 0:00:28]} Nh5 {[%emt 0:00:26]} 24. Rg4 {[%emt 0:00:19]} Nf6
{[%emt 0:00:22]} 25. Rf4 {[%emt 0:00:32]} Nh5 {[%emt 0:00:06]} 26. Rg4 { [%emt
0:00:16]} Nf6 {[%emt 0:00:06]} 27. Rh4 {[%emt 0:00:12]} Nh7 {[%emt 0:00: 19]}
28. Qf4 {[%emt 0:00:30]} Qg6 {[%emt 0:00:18]} 29. Bxg6 {[%emt 0:00:05]} fxg6
{[%emt 0:00:05]} 30. Qe4 {[%emt 0:00:08]} Nf5 {[%emt 0:00:09]} 31. Rg4 { [%emt
0:00:14]} Nf6 {[%emt 0:00:04]} 32. Qe6+ {[%emt 0:00:04]} Kh7 {[%emt 0:00: 14]}
33. Re5 {[%emt 0:00:12]} Nxg4 {[%emt 0:00:18]} 34. hxg4 {[%emt 0:00:02]} Nd4
{[%emt 0:00:04]} 35. Qe7 {[%emt 0:00:06]} Nc6 {[%emt 0:00:10]} 36. Qxf8 { [%emt
0:00:03]} Nxe5 {[%emt 0:00:04]} 37. Qxc5 {[%emt 0:00:04]} Nxg4 {[%emt 0:
00:05]} 38. Qxa7 {[%emt 0:00:03]} 1-0

[Event "DSJ Weihnachtsturnier U20w 2020"]
[Site "https://play.chessbase.com/en/play?room=DSJWeihnachtU20w"]
[Date "2020.12.29"]
[Round "3"]
[White "Ramakrishnan, Veda"]
[Black "Weiß, Sara"]
[Result "1-0"]
[Termination "normal"]
[Board "11.4"]
[WhiteElo "894"]
[BlackElo "783"]
[WhiteTeam "Schach-Club Vaterstetten-Grasbrunn"]
[BlackTeam "SK Kelheim 1920"]
[PlyCount "81"]
[WhiteFideId "16269519"]
[BlackFideId "34628436"]
[EventRounds "7"]
[EventType "team-swiss"]
[EventDate "2020.12.29"]

1. e4 {[%emt 0:00:07]} e5 {[%emt 0:00:02]} 2. Nf3 {[%emt 0:00:05]} d6 {[%emt 0:
00:01]} 3. Nc3 {[%emt 0:00:11]} Bg4 {[%emt 0:00:13]} 4. h3 {[%emt 0:00:06]} Bh5
{[%emt 0:00:02]} 5. Bb5+ {[%emt 0:00:06]} c6 {[%emt 0:00:04]} 6. Bc4 {[%emt 0:
00:06]} Qa5 {[%emt 0:00:04]} 7. Nh4 {[%emt 0:00:47]} Nf6 {[%emt 0:00:10]} 8.
Nf3 {[%emt 0:00:09]} d5 {[%emt 0:00:02]} 9. Nxe5 {[%emt 0:00:21]} dxc4 { [%emt
0:00:04]} 10. Nf3 {[%emt 0:00:05]} Bc5 {[%emt 0:00:08]} 11. b4 {[%emt 0:
00:09]} Qd8 {[%emt 0:00:05]} 12. bxc5 {[%emt 0:00:06]} Nbd7 {[%emt 0:00:15]}
13. g4 {[%emt 0:00:20]} Bg6 {[%emt 0:00:03]} 14. e5 {[%emt 0:00:11]} Nd5 {
[%emt 0:00:15]} 15. Ne4 {[%emt 0:00:51]} Bxe4 {[%emt 0:00:24]} 16. d3 {[%emt 0:
00:12]} Bg6 {[%emt 0:00:04]} 17. O-O {[%emt 0:00:04]} O-O {[%emt 0:00:04]} 18.
Ng5 {[%emt 0:00:12]} Nxc5 {[%emt 0:00:17]} 19. d4 {[%emt 0:00:09]} Nd7 { [%emt
0:00:02]} 20. e6 {[%emt 0:00:15]} fxe6 {[%emt 0:00:11]} 21. Nxe6 { [%emt
0:00:06]} Qf6 {[%emt 0:00:09]} 22. Nxf8 {[%emt 0:00:04]} Qf7 {[%emt 0:00: 01]}
23. Nxd7 {[%emt 0:00:09]} Qf8 {[%emt 0:00:00]} 24. Nxf8 {[%emt 0:00:05]} Kxf8
{[%emt 0:00:55]} 25. Re1 {[%emt 0:00:09]} Nf4 {[%emt 0:00:03]} 26. Bxf4 { [%emt
0:00:06]} Be4 {[%emt 0:00:02]} 27. Rxe4 {[%emt 0:00:04]} Re8 {[%emt 0:00: 07]}
28. Re5 {[%emt 0:00:09]} Rxe5 {[%emt 0:00:04]} 29. Bxe5 {[%emt 0:00:04]} c5
{[%emt 0:00:02]} 30. Qb1 {[%emt 0:00:08]} b6 {[%emt 0:00:02]} 31. Qb5 { [%emt
0:00:12]} cxd4 {[%emt 0:00:04]} 32. Bxd4 {[%emt 0:00:07]} a6 {[%emt 0:00: 05]}
33. Qxa6 {[%emt 0:00:02]} b5 {[%emt 0:00:01]} 34. Qxb5 {[%emt 0:00:03]} g5
{[%emt 0:00:07]} 35. Qxc4 {[%emt 0:00:04]} h5 {[%emt 0:00:02]} 36. gxh5 { [%emt
0:00:09]} g4 {[%emt 0:00:03]} 37. hxg4 {[%emt 0:00:02]} Ke7 {[%emt 0:00: 03]}
38. Qa6 {[%emt 0:00:05]} Ke8 {[%emt 0:00:01]} 39. Qa7 {[%emt 0:00:03]} Kd8
{[%emt 0:00:02]} 40. Rb1 {[%emt 0:00:02]} Ke8 {[%emt 0:00:05]} 41. Rb8# { [%emt
0:00:02]} 1-0